000 00300nam a2200121Ia 4500
008 190216s9999||||xx |||||||||||||| ||und||
100 _aArthur I Vogel
245 0 _aPractical Organic Chemistry
260 _bEnglish Language Book Society
_c1968
300 _a1188p
650 _aChemistry
942 _cBK
999 _c2065
_d2065